Bint al-ʻamm, (Record no. 45866)

MARC details
000 -LEADER
fixed length control field 00778cam a22002291 4500
001 - CONTROL NUMBER
control field ne 63000948
003 - CONTROL NUMBER IDENTIFIER
control field DLC
005 - DATE AND TIME OF LATEST TRANSACTION
control field 20260227111745.0
008 - FIXED-LENGTH DATA ELEMENTS--GENERAL INFORMATION
fixed length control field 811215s1962 ua a 000 1 ararc
010 ## - LIBRARY OF CONGRESS CONTROL NUMBER
LC control number ne 63000948
025 ## - OVERSEAS ACQUISITION NUMBER
Overseas acquisition number PL480:UAR-2319
035 ## - SYSTEM CONTROL NUMBER
System control number (OCoLC)7997137
040 ## - CATALOGING SOURCE
Original cataloging agency Princeton Univ. Libr.
Transcribing agency TU
Modifying agency TU
-- DLC
042 ## - AUTHENTICATION CODE
Authentication code premarc
050 00 - LIBRARY OF CONGRESS CALL NUMBER
Classification number PJ7846.I43
Item number B5
100 1# - MAIN ENTRY--PERSONAL NAME
Personal name Mīlādī, Fawzī ʻAbd al-Qādir.
245 10 - TITLE STATEMENT
Title Bint al-ʻamm,
Remainder of title majmūʻat masraḥiyyāt ijtimāʻīyah
Statement of responsibility, etc. taʼlīf Fawzī ʻAbd al-Qādir al-Mīlādī.
260 ## - PUBLICATION, DISTRIBUTION, ETC.
Place of publication, distribution, etc. [al-Qāhirah,
Date of publication, distribution, etc. 1962 ?]
300 ## - PHYSICAL DESCRIPTION
Extent 118 p.
Other physical details illus.;
Dimensions 24 cm.
490 0# - SERIES STATEMENT
Series statement al-Kitāb al-māsī
505 0# - FORMATTED CONTENTS NOTE
Formatted contents note al-Dawāʼ al-ʻajb̄ - al-Mukhādiʻ - Ḥaram al-milyūnīr- ʻUrs min al-samāʼ - Bint al-ʻamm.

No items available.

Powered by Koha